| 000 | 00974cim a2200301 a 4500 | ||
|---|---|---|---|
| 001 | 14099 | ||
| 003 | BD-JhCC | ||
| 005 | 20241209123427.0 | ||
| 008 | 920219s1989 caunnn z l eng | ||
| 020 | _c$9.95 | ||
| 035 | _a(BD-JhCC)14099 | ||
| 040 |
_aDLC _cDLC _dDLC |
||
| 041 | _aeng | ||
| 050 | 1 | 0 | _aBF575.A85 |
| 050 | 0 | 0 | _aRZA 1854 |
| 082 |
_a153.1 _bFEN 1989 |
||
| 100 | 1 |
_aFensterheim, Herbert, _d1921- |
|
| 245 | 1 | 0 |
_aDon't say yes when you want to say no / _cHerbert Fensterheim and Jean Baer. |
| 260 |
_aLos Angeles, CA : _bAudio Renaissance Tapes ; _aNew York : _bDistributed by St. Martin's Press, _cp1989. |
||
| 300 |
_a275 p. : _e16 cm |
||
| 500 | _aAn audio presentation of the book. | ||
| 500 | _aIn container (18 cm.). | ||
| 650 | 0 | _aAssertiveness training. | |
| 650 | 0 | _aBehavior modification. | |
| 700 | 1 |
_aBaer, Jean _d1926- |
|
| 856 | 4 | 2 |
_3Publisher description _uhttp://www.loc.gov/catdir/description/hol042/92788051.html |
| 942 |
_2ddc _cBK |
||
| 999 |
_c14099 _d14099 |
||